| 000 | 00592nam a22002297a 4500 | ||
|---|---|---|---|
| 003 | UA-OsUOA | ||
| 001 | 41062 | ||
| 007 | ta | ||
| 008 | 20080714b un ||||| |||| 00| 0 ukr d | ||
| 100 | _aЯцків І. | ||
| 090 |
_a09-23/28 _bЯ93 |
||
| 942 | _cBK | ||
| 040 |
_aUA-OsUOA _bukr _cUA-OsUOA _dUA-OsUOA |
||
| 245 | _aНаука віри і праведного християнського життя | ||
| 300 | _a114 с. | ||
| 955 | _a1 | ||
| 041 | _aukr | ||
| 080 | _a09-23/28 | ||
| 260 |
_aІнсбрук _c1946 |
||
| 650 | 7 |
_a0 Загальний відділ. _2UDC |
|
| 999 |
_c439566 _d439566 |
||